Statistics for 15 famous european wars

Click here to take the quiz!

General Stats

  • This quiz has been taken 12 times
  • The average score is 3 of 15

Answer Stats

HintAnswer% Correct
World War II1939–1945
88%
World War I1914–1918
75%
Thirty Years' War1618–1648
25%
Napoleonic Wars1803–1815
25%
Austro-Prussian War1866
25%
Franco-Prussian War1870–1871
25%
War of the Spanish Succession1701-1715
13%
War of the Austrian Succession1740–1748
13%
Crimean War1853–1856
13%
Russian Civil War1917–1921
13%
Hundred Years' War1337-1453
0%
Wars of the Roses1455–1487
0%
Great Turkish War / Wars of the Holy League1683-1699
0%
Nine Years' War / War of the Grand Alliance or War of the League of Augsburg1688–1697
0%
Seven Years' War1756–1763
0%

Score Distribution

Percentile by Number Answered

Percent of People with Each Score

Your Score History

You have not taken this quiz